Introducción a la lógica moderna (notice nᵒ 12323)
[ vue normale ]
| 000 -Sello discográfico | |
|---|---|
| campo de control de longitud fija | 01069nam a2200325 4500 |
| 005 - Identificación de versión | |
| campo de control | 20251016083930.0 |
| 035 ## - Otros números de control del sistema | |
| Número de control del sistema | 15178 |
| 099 ## - fechas locales | |
| Tipo de ítem Koha | LIBRO |
| 100 ## - Datos de procesamiento general | |
| Datos de procesamiento general | 19930801d19751965m y1spay5003 ba |
| 101 1# - Idioma del recurso | |
| Idioma del texto, banda sonora, etc. | Español; Castellano |
| Idioma de la obra original | Inglés |
| 105 ## - Campo de datos codificados: Material textual, monográfico | |
| Datos codificados de monografía | y 001zy |
| 200 1# - Título y mención de responsabilidad | |
| Título propio | Introducción a la lógica moderna |
| Designación general del material | texto impreso |
| Primer mención de responsabilidad | L. Susan Stebbing |
| Declaración de responsabilidad subsiguiente | revisada por C.W.K. Mundle |
| -- | traducción de José Luis González |
| 205 ## - Declaración de edición | |
| Declaración de edición | 2a reimpr de la 1a ed |
| 210 ## - Publicación, distribución, etc. | |
| Lugar de publicación, distribución, etc. | México |
| Nombre del editor, distribuidor, etc. | Fondo de Cultura Económica |
| Fecha de publicación, distribución, etc. | 1975 |
| 215 ## - Descripción física | |
| Designación de material específico y extensión del ítem | 285 p |
| Dimensiones | 17 cm |
| 345 ## - Nota de información de adquisición | |
| Fuente de adquisición/dirección de la suscripción [OBSOLETO] | Donación |
| 410 #1 - Series | |
| Título | Breviarios del Fondo de Cultura Económica |
| Número de volumen | 180 |
| 454 #1 - Traducción de | |
| Título | A Modern Elementary Logic |
| 606 ## - Término temático usado como materia | |
| Elemento de entrada | Lógica |
| Número Koha | 5652 |
| 700 ## - Nombre personal - Responsabilidad primaria | |
| Elemento de entrada | Stebbing |
| Parte del nombre distinta del elemento de entrada | Lizzie Susan |
| Fechas | 1885-1943 |
| Número Koha | 18973 |
| 702 ## - Nombre personal - Responsabilidad secundaria | |
| Elemento de entrada | González Coiscou |
| Parte del nombre distinta del elemento de entrada | José Luis |
| Fechas | 1926-1996 |
| Número Koha | 3394 |
| 702 ## - Nombre personal - Responsabilidad secundaria | |
| Elemento de entrada | Mundle |
| Parte del nombre distinta del elemento de entrada | Clement Williams Kennedy |
| Fechas | 1916-1989 |
| Número Koha | 9526 |
| 801 #0 - Fuente de origen | |
| Agencia | cm |
| 900 ## - | |
| -- | 1/9110 |
| 900 ## - | |
| -- | 710934770\\010893 |
| 942 ## - ELEMENTOS DE ENTRADA SECUNDARIOS (KOHA) | |
| Tipo de ítem Koha | Livre |
| 996 ## - | |
| -- | MEX |
| -- | 751145101 |
| -- | MMAG |
| -- | 004648 |
| -- | 082.1 B846 V.180 |
| -- | 20210422LIV |
| Estatus retirado | Estado de daño | Estado de pérdida | Fecha de adquisición | Biblioteca de origen | Biblioteca actual | Ubicación en estantería | Código de barras | Precio de reemplazo | Signatura topográfica completa | No para préstamo | Tipo de ítem Koha | Nota pública | Nota no pública |
|---|---|---|---|---|---|---|---|---|---|---|---|---|---|
| 05/08/2025 | Casa México Paris | Casa México Paris | 004648 | 05/08/2025 | 082.1 B846 V.180 | Livre | 20210422LIV | 751145101 |